| 000 | 00348nam a2200145Ia 4500 | ||
|---|---|---|---|
| 005 | 20250508041046.0 | ||
| 008 | 240331s9999 xx 000 0 und d | ||
| 082 |
_bBAL _a891 |
||
| 100 | _aBalasubramaniam, R | ||
| 245 | 0 | _aThames nathik karaiyil | |
| 260 |
_aMadras _bKumaran Publishers _c1992 |
||
| 300 | _a216 p ., | ||
| 650 | _aNovel | ||
| 942 | _cL | ||
| 999 |
_c4308 _d4308 |
||